000
00257nam a2200097Ia 4500
001
683252
005
20250826161434.0
008
250824s9999 xx 000 0 und d
245
0
_a
BİR DELİNİN SINAV GÜNLÜĞÜ
_c
ERCAN HARMANCI
260
_b
TİMAŞ YAYINLARI
999
_c
683252
_d
683252